Loading...

Amazing voyage the third adventure in the Kingdom of Fantasy

Bibliographic Details
Main Author: Stilton, Geronimo
Other Authors: Barozzi, Danilo
Format: Printed Book
Published: New York Scholastic 2011
Subjects:
LEADER 00698nam a22002177a 4500
003 OSt
020 |a 9780545307710 
020 |a 9780545253079 
082 0 0 |a 808.89  |b STI/AM 
100 1 |a Stilton, Geronimo 
245 1 4 |a Amazing voyage   |b the third adventure in the Kingdom of Fantasy  
260 |a New York   |b Scholastic  |c 2011 
300 |a 291p. 
546 |a English 
650 1 |a Mice 
650 1 |a Fairies 
650 1 |a Adventure and adventurers 
700 1 |a Barozzi, Danilo 
942 |2 ddc  |c BK 
999 |c 156081  |d 156081 
952 |0 0  |1 0  |2 ddc  |4 0  |6 808_890000000000000_STIAM  |7 0  |8 FIC  |9 155139  |a KAUCLV  |b KAUCLV  |c GENERAL  |d 2017-07-07  |g 550.00  |l 10  |m 1  |o 808.89 STI/AM  |p 227626  |r 2019-12-17  |s 2019-12-17  |w 2017-07-07  |y BK